|
|
|
|
| LEADER |
00000nam a2200000na 4500 |
| 001 |
vtls011842281 |
| 003 |
SK-MaSNL |
| 005 |
20260302092027.0 |
| 008 |
220118s1751 xo 0 an0 lat |
| 015 |
|
|
|a SNBHFA1751
|
| 020 |
|
|
|q (viaz.)
|
| 035 |
|
|
|a urn:nbn:sk:snk-am00ctd3
|
| 035 |
|
|
|a urn:nbn:sk:snk-am3hq9c
|
| 035 |
|
|
|a F31A8423-7D41-417A-BF70-90BD18A1C4F9
|
| 040 |
|
|
|a SNKHF
|b slo
|c SNK
|e AACR2
|
| 041 |
0 |
|
|a lat
|
| 044 |
|
|
|a xo
|c SK
|
| 072 |
|
7 |
|a 355/359
|x Vojenstvo. Obrana krajiny. Ozbrojené sily
|2 konspekt
|
| 080 |
|
|
|a 355.3
|2 2011
|
| 130 |
|
|
|a Novum
|9 535008
|
| 245 |
1 |
0 |
|a Novum Regulamentum Militare
|b Sub Diaeta Anni M. DCC.LI. Concinnatum, Ac Per Sacratissimam Caesareo-Regiam Majestatem Benignissime Aprobatum
|
| 260 |
|
|
|a Posonii
|b Reimpressum, & Reperibile, Apud Joannem Michaelem Landerer, Privilegiatum Typographum
|c 1751
|
| 300 |
|
|
|a [28] strán
|c 30 cm
|
| 500 |
|
|
|a Titulný list s erbom, vlys, ozdobná iniciála, kustody
|
| 650 |
0 |
7 |
|a vojenstvo
|2 SNKPH
|9 22591
|
| 655 |
|
7 |
|a nariadenia
|2 SNKPH
|9 70672
|
| 700 |
1 |
|
|a Landerer, Ján Michal,
|d 1726-1795
|4 prt
|9 158270
|
| 752 |
|
|
|a Slovensko
|d Bratislava
|
| 852 |
|
|
|a snk
|p SB 32788
|
| 958 |
|
|
|a ONDV
|
| 999 |
|
|
|c 1203101
|d 1205031
|
| 952 |
|
|
|a SNK
|b SNK
|y PREZ
|7 0
|p 17A0992394
|o snkSB 32788
|i snkF 5088/81
|8 5
|0 0
|1 0
|4 0
|d 2019-02-21
|f 1
|l 0
|r 2025-04-07 00:00:00
|w 2026-02-24
|